000 00913cam a2200277 a 4500
999 _c99521
_d99521
001 4762655
003 ARRUPE
005 20170612103424.0
008 851120s1985 nr 001 0 eng
010 _a 85231042
020 _a978156198X (pbk.)
040 _aDLC
_cDLC
_dDLC
043 _af-nr---
050 0 0 _aDT515.9.E3
_bO26 1985
082 0 0 _a966.9/05
_219
100 1 _aOdogwu, Bernard,
_d1936-
_932544
245 1 0 _aNo place to hide :
_b(crises and conflicts inside Biafra) /
_cby Bernard Odogwu.
260 _aEnugu, Nigeria :
_bFourth Dimension,
_c1985.
300 _a271 p. ;
_c21 cm.
500 _aIncludes index.
651 0 _aNigeria, Eastern
_xPolitics and government.
_932545
651 0 _aNigeria
_xHistory
_yCivil War, 1967-1970.
_932507
906 _a7
_bcbc
_corignew
_d3
_encip
_f19
_gy-gencatlg
942 _2lcc
_cMONOGRAPH